Environmental policy : transnational issues and national trends
Αποθηκεύτηκε σε:
| Άλλοι συγγραφείς: | , |
|---|---|
| Μορφή: | Βιβλίο |
| Γλώσσα: | English |
| Δημοσίευση: |
Westport :
Quorum Books,
c1997.
|
| Θέματα: | |
| Ετικέτες: |
Προσθήκη ετικέτας
Δεν υπάρχουν, Καταχωρήστε ετικέτα πρώτοι!
|
MARC
| LEADER | 00000cam a2200000 i 4500 | ||
|---|---|---|---|
| 001 | 1/16193 | ||
| 008 | 980731s1997 ctu| ||| |||| ||eng|| | ||
| 020 | |a 1567200796 | ||
| 035 | |l 10020110 | ||
| 040 | |a GR-MyUa |b gre |e AACR2 | ||
| 041 | 0 | |a eng | |
| 082 | 7 | |a 363.7 |2 (22) | |
| 245 | 0 | 0 | |a Environmental policy : |b transnational issues and national trends / |c edited by Lynton K. Caldwell, Robert V. Bartlett. |
| 260 | |a Westport : |b Quorum Books, |c c1997. | ||
| 300 | |a 237 σ. ; |c 24 εκ. | ||
| 504 | |a Περιλαμβάνει βιβλιογραφικές παραπομπές και ευρετήριο. | ||
| 650 | 0 | 0 | |a Environmental policy. |
| 700 | 1 | |a Caldwell, Lynton K. |q (Lynton Keith), |d 1913-2006, |e edt | |
| 700 | 1 | |a Bartlett, Robert V. |e edt | |
| 852 | |a INST |b LESVOS |e 19980731 |h 363.7 ENV |p 005100013523 |q 005100013523 |t BK |y 0 | ||
| 901 | |a BIBL-1998-3 | ||
| 922 | |a 1ΕΛΗ |b 199807 |c ΚΠΣ/ΤΠ |d ΠΑΠΑΣΩΤΗΡΙΟΥ | ||
| 950 | |a 107-1998-04-06 | ||